| 000 | 00747nam a2200205Ii 4500 | ||
|---|---|---|---|
| 003 | JO-AjNU | ||
| 008 | 230605s9999||||xx |||||||||||||| ||und|| | ||
| 040 |
_aJO-AjNU _bara _erda _cJO-AjNU |
||
| 041 | _aara | ||
| 050 | 1 | 4 | _aBP189.7.S51.N35 1997 |
| 100 | 3 |
_aنجا، مصطفى بن محيي الدين, _eauthor _940828 |
|
| 245 | 0 | 0 | _aكتاب كشف الاسرار لتنوير الأفكار في الطريقة وشرح الوظيفة الشاذلية اليشرطية |
| 250 | _aط6 مدققة ومضبوطة | ||
| 264 | 3 | 1 | _aد.م: د.ن، 1997 |
| 300 | _a179ص | ||
| 336 |
_atext _btxt _2rdacontent |
||
| 337 |
_aunmediated _bn _2rdamedia |
||
| 338 |
_avolume _bnc _2rdacarrier |
||
| 650 | 4 |
_aالشاذلية- طرق صوفية _940829 |
|
| 999 |
_aA17358 _c20926 _d20926 |
||